| 000 | 00612nam a2200181Ia 4500 | ||
|---|---|---|---|
| 008 | 090630s9999 xx 000 0 und d | ||
| 082 | _b14437 | ||
| 100 | _aवर्दे मोहिनी. | ||
| 245 |
_aस्वादिस्ट कृती. _cवर्दे मोहिनी. |
||
| 260 | _bडिंपल - वसई. | ||
| 300 | _a157 | ||
| 600 | _aवर्दे मोहिनी. | ||
| 630 | _aस्वादिस्ट कृती. | ||
| 655 | _aइतर. | ||
| 700 | _aवर्दे मोहिनी. | ||
| 730 | _aस्वादिस्ट कृती. | ||
| 942 | _cBOOK | ||
| 999 |
_c266293 _d266293 |
||